| 000 | 00798nam a2200193 a 4500 | ||
|---|---|---|---|
| 008 | 160126s2010 ||||||||||||||||| || u | ||
| 020 | _a9780123751461 | ||
| 050 | _aGEN REF QR 358 Des | ||
| 100 | _aMahy, Brian W.J | ||
| 245 | 1 | 0 |
_aDesk encyclopedia of general virology _cEdited By Brian W.J. Mahy [and] Marc H.V. Van Regenmortel |
| 260 |
_aAmsterdam _bAcademic Press/Elsevier _c2010 |
||
| 300 | _axvii, 644p.: ill. | ||
| 350 | _a116.00 | ||
| 650 | _aVIROLOGY--ENCYCLOPEDIA--ENGLISH | ||
| 650 | _aVIRUSES--ENCYCLOPEDIAS--ENGLISH | ||
| 650 | _aVIRUS DISEASES--ENCYCLOPEDIAS--ENGLISH | ||
| 650 | _aVIROLOGY--ENCYCLOPEDIA | ||
| 995 |
_aMICHAEL CHILUFYA SATA OPEN ACCESS _e903576 _FCBU-SCHOOL OF MEDICINE LIBRARY (Ndola) _I116.00 _jQR 358 Des _M1 _UAVAILABLE _WJan 27, 2016 _y903576 _ZReference Collection |
||
| 999 |
_c31245 _d31245 |
||